The Alphabet Versus the Goddess : (Record no. 610093)

MARC details
000 -LEADER
fixed length control field 00500nam a2200193 a 4500
008 - FIXED-LENGTH DATA ELEMENTS--GENERAL INFORMATION
fixed length control field 260203s1999##################000#0#eng##
020 ## - INTERNATIONAL STANDARD BOOK NUMBER
ISBN 9780140196016
082 04 - DEWEY DECIMAL CLASSIFICATION NUMBER
Classification number 302.224
Item number SHL
100 1# - MAIN ENTRY--AUTHOR NAME
Personal name Shlain, Leonard,
245 10 - TITLE STATEMENT
Title The Alphabet Versus the Goddess :
260 ## - PUBLICATION, DISTRIBUTION, ETC. (IMPRINT)
Name of publisher Penguin,
Year of publication 1999.
300 ## - PHYSICAL DESCRIPTION
Number of Pages 500 pages
650 #0 - SUBJECT ADDED ENTRY--TOPICAL TERM
Topical Term Social Science.
942 ## - ADDED ENTRY ELEMENTS (KOHA)
Koha item type English Books
Holdings
Withdrawn status Lost status Damaged status Not for loan Home library Current library Shelving location Date acquired Full call number Accession Number Price effective from Koha item type
        Anna Centenary Library Anna Centenary Library 3RD FLOOR, B WING 03.02.2026 302.224 SHL 497378 03.02.2026 English Books

Find us on the map